| 000 | 00345cam a2200121ua 4500 | ||
|---|---|---|---|
| 082 |
_a335 _bROS/MA |
||
| 100 |
_aRoslyakov, A . _91776 |
||
| 245 | _aMadhya Asiayil Socialism Vannathengine / | ||
| 260 |
_aKottayam : _bPrabhatham Printing and Publishing Co. Pvt. Ltd. , _c1966. |
||
| 300 | _a131 ; . | ||
| 700 | 1 |
_aTashliev, S . _91777 |
|
| 942 | _cBK | ||
| 999 |
_c4626 _d4626 |
||